000
00301 a2200121 4500
001
147486
040
_c
Escola São Tomás de Aquino
240
1
0
_a
Branca de neve e os sete anões
_l
por
245
1
0
_a
Branca de neve e os sete anões
440
1
_a
Record
697
_a
*LITERATURA INFANTIL
942
_c
BK
999
_c
147486
_d
147486